=LDR 00000nam 2200000 4500 =001 000466 =005 20250711042027 =035 ##$$a 0010-0725000328 =007 ta =008 250711################a##########0#ind## =020 ##$$a 978-623-307-585-4 =082 ##$$a 398.209 598 =100 #$$a Sujin Kim =245 1#$$a Kalahkan si Monster Sampah! /$c Sujin Kim, Sebihn kim =250 ##$$a pertama =260 ##$$a Jakarta :$b Badan Pengembangan dan Pembinaan Bahasa,$c 2022 =300 ##$$a 44hlm. : $b ilus. ; $c 22,9cm =650 #4$$a cerita anak indonesia terjemahan =650 #4$$a literasi bahan bacaan =700 #$$a Sebin Kim =084 ##$$a 398.209 598 SUJ k =990 ##$$a TBM202400216